Big Data con python / (Registro nro. 29304)
[ vista simple ]
| 000 -LÍDER | |
|---|---|
| fixed length control field | 00649nam a22002177a 4500 |
| 003 - IDENTIFICADOR DEL NÚMERO DE CONTROL | |
| control field | ITZ |
| 005 - FECHA Y HORA DE LA ULTIMA TRANSACCIÓN | |
| Campo de control | 20240304124116.0 |
| 008 - ELEMENTOS DE LONGITUD FIJA -- INFORMACIÓN GENERAL | |
| fixed length control field | 240304b |||||||| |||| 00| 0 spa d |
| 020 ## - NÚMERO INTERNACIONAL NORMALIZADO PARA LIBROS | |
| ISBN | 978-607-538-361-3 |
| 035 ## - Número de ficha (Janium) | |
| Número de ficha (Janium) | 17689 |
| 041 ## - CÓDIGO DE IDIOMA | |
| Código de idioma para texto/pista de sonido o título separado | spa |
| 050 ## - SIGNATURA TOPOGRAFICA DE LA BIBLIOTECA DEL CONGRESO (LC) | |
| Número de Clasificación | QA76.73P98 |
| Cutter | C33 2019 |
| 082 ## - NUMERO DE CLASIFICACION DECIMAL DEWEY | |
| Número de Clasificación | 006.76 |
| Cutter | C112b 2019 |
| 100 1# - ASIENTO PRINCIPAL--NOMBRE PERSONAL | |
| Nombre personal | Caballero Roldan, Rafael |
| 245 ## - TÍTULO | |
| Título | Big Data con python / |
| Mención de responsabilidad, etc. | Rafael Caballero Roldan, Enrique Martin Martin, Adrian Riesco Rodriguez |
| 250 ## - MENCIÓN DE EDICIÓN | |
| Mención de edición | 1 |
| 260 ## - PUBLICACIÓN, DISTRIBUCIÓN, ETC. (PIE DE IMPRENTA) | |
| Lugar de publicación, distribución, etc. | Mexico: |
| Nombre del editor, distribuidor, etc. | Alfaomega |
| Fecha de publicación, distribución, etc. | 2019 |
| 300 ## - DESCRIPCIÓN FÍSICA | |
| Extensión | xlll, 268p. |
| Otros detalles físicos | il./ |
| Dimensiones | 23 cm |
| 650 ## - ASIENTO SECUNDARIO DE MATERIA - TERMINO TEMÁTICO | |
| Término temático o nombre geográfico como elemento de entrada | 1. PYTHON (LENGUAJE DE PROGRAMACION ) \ 2. ANALISIS DE DATOS |
| 942 ## - TIPO DE MATERIAL (KOHA) | |
| Koha item type | Libros |
| No. biblioteca | No. biblioteca | Número de clasificación | Código de barras/Número de adquisición | Número de copia | Tipo de material | Otras carreras |
|---|---|---|---|---|---|---|
| ÁREA DE SISTEMAS COMPUTACIONALES | LUIS G. INCLAN | 006.76 C112b 2019 | 54696 | 4 | Libros | LUIS G. INCLAN |
| ÁREA DE SISTEMAS COMPUTACIONALES | ÁREA DE SISTEMAS COMPUTACIONALES | 006.76 C112b 2019 | 54693 | 1 | Libros | LUIS G. INCLAN |
| ÁREA DE SISTEMAS COMPUTACIONALES | ÁREA DE SISTEMAS COMPUTACIONALES | 006.76 C112b 2019 | 54694 | 2 | Libros | LUIS G. INCLAN |
| ÁREA DE SISTEMAS COMPUTACIONALES | ÁREA DE SISTEMAS COMPUTACIONALES | 006.76 C112b 2019 | 54695 | 3 | Libros | LUIS G. INCLAN |
